Gender and Child Protection (Record no. 3166)

MARC details
000 -LEADER
fixed length control field 00580nam a22002057a 4500
003 - CONTROL NUMBER IDENTIFIER
control field OSt
005 - DATE AND TIME OF LATEST TRANSACTION
control field 20170124182715.0
008 - FIXED-LENGTH DATA ELEMENTS--GENERAL INFORMATION
fixed length control field 160304b xxu||||| |||| 00| 0 eng d
020 ## - INTERNATIONAL STANDARD BOOK NUMBER
International Standard Book Number 033394979x
040 ## - CATALOGING SOURCE
Transcribing agency 040a
082 ## - DEWEY DECIMAL CLASSIFICATION NUMBER
Classification number 362.7
Item number SCO 2003
100 ## - MAIN ENTRY--PERSONAL NAME
Personal name Scourfield, Jonathan
9 (RLIN) 7071
245 ## - TITLE STATEMENT
Title Gender and Child Protection
260 ## - PUBLICATION, DISTRIBUTION, ETC. (IMPRINT)
Place of publication, distribution, etc. Hampshire;
Name of publisher, distributor, etc. Palgrave macmillan,
Date of publication, distribution, etc. 2003
300 ## - PHYSICAL DESCRIPTION
Extent vii,199p; ill:
Dimensions 10n cm
504 ## - BIBLIOGRAPHY, ETC. NOTE
Bibliography, etc Includes index and bibliographical references
650 ## - SUBJECT ADDED ENTRY--TOPICAL TERM
Topical term or geographic name as entry element Child protection
9 (RLIN) 7072
650 ## - SUBJECT ADDED ENTRY--TOPICAL TERM
Topical term or geographic name as entry element Gender violence
9 (RLIN) 11456
942 ## - ADDED ENTRY ELEMENTS (KOHA)
Source of classification or shelving scheme Dewey Decimal Classification
Koha item type Short Loan
Holdings
Withdrawn status Lost status Source of classification or shelving scheme Damaged status Not for loan Home library Current library Date acquired Inventory number Total Checkouts Full call number Barcode Date last seen Price effective from Koha item type
    Dewey Decimal Classification     MUST Main Library MUST Main Library 04/03/2016 2003/19226   362.7 SCO 2003 2016-0338 04/03/2016 04/03/2016 Short Loan
    Dewey Decimal Classification     MUST Main Library MUST Main Library 30/03/2016 2003/19225   362.7 SCO 2003 2016-0543 30/03/2016 30/03/2016 Short Loan